| 000 | 00514nam a2200169 4500 | ||
|---|---|---|---|
| 001 | 2643 | ||
| 090 | _a2643 | ||
| 100 | _a20190723b u||y0fre||u0ba y50 | ||
| 101 | _aeng | ||
| 200 |
_aLiberation _bPériodique _fLiberation Collective |
||
| 210 |
_aEtats-Unis _bLiberation, 339 Lafayette St., New York, N.Y. 10012. _cLiberation Collective |
||
| 606 |
_aFéminisme _9429 |
||
| 606 |
_9146 _aSyndicalisme |
||
| 607 |
_91006 _aEtats-Unis d'Amérique |
||
| 710 |
_96645 _aLiberation Collective |
||
| 801 |
_aCH _bCH-002049-8 |
||
| 955 | _r1973: June | ||